| 000 | 00910cam a22002653a 4500 | ||
|---|---|---|---|
| 001 | 8935 | ||
| 003 | PGUSA | ||
| 005 | 20140828083206.0 | ||
| 008 | 050901s2005||||xxu|||||s|||||000 p eng d | ||
| 040 |
_aPGUSA _beng |
||
| 042 | _adc | ||
| 050 | 4 | _aPG | |
| 100 | 1 |
_aTurgenev, Ivan Sergeevich, _d1818-1883 |
|
| 245 | 1 | 0 |
_aDream Tales and Prose Poems _h[electronic resource] / _cIvan Sergeevich Turgenev |
| 260 |
_bProject Gutenberg, _c2005 |
||
| 505 | 0 | _aClara Militch -- Phantoms -- The song of triumphant love -- The dream -- Poems in prose. | |
| 506 | _aPublic domain in the USA. | ||
| 516 | _aElectronic text | ||
| 653 | _aRussia -- Social life and customs -- Fiction | ||
| 653 | _aTurgenev, Ivan Sergeevich, 1818-1883 -- Translations into English | ||
| 700 | 1 |
_aGarnett, Constance, _d1861-1946 |
|
| 830 | 0 |
_aProject Gutenberg _v8935 |
|
| 856 | 4 | 0 | _uhttp://www.gutenberg.org/ebooks/8935 |
| 942 | _cEB | ||
| 999 |
_c238219 _d238219 |
||